L' opera pittoria completadi Rembrandt /

Hlavní autor: Rembrandt Harmensz. van Rijn, 1606-1669
Další autoři: Arpino, Giovanni, 1927-1987
Jazyk: Italština
Vydáno: Milano : Rizzoli, 1969
Vydání: 1. ed.
Edice: Classici dell' Arte
Fyzický popis: 144 s.
Knihy
Uloženo v:
LEADER 00725nam a22002291a 4500
001 000700937
003 CZ BrMZK
005 20031217142118.0
007 ta
008 031217s1969 it f ita d
040 |a BOA001  |b cze  |c BOA001 
100 0 |a Rembrandt Harmensz. van Rijn,  |d 1606-1669  |7 jn20000701488  |4 ill 
245 1 3 |a L' opera pittoria completadi Rembrandt /  |c Rembrandt Harmenszoon van Rijn ; presentazione di Giovanni Arpino 
250 |a 1. ed. 
260 |a Milano :  |b Rizzoli,  |c 1969 
300 |a 144 s. 
490 1 |a Classici dell' Arte ;  |v 33 
504 |a Obsahuje bibliografii 
700 1 |a Arpino, Giovanni,  |d 1927-1987  |7 jn19990000270  |4 com 
830 0 |a Classici dell' Arte 
910 |a BOA001  |b 4-0720.264 
990 |a BK